000 nam a22 a 4500
999 _c172590
_d172590
003 BLK
005 20230506024440.0
008 180411b bul|||||r ||||||| ||bul||
010 _aKNG00180929000
020 _a954-8350-02-5
040 _aBLK
041 _aBUL
_cBUL
080 _aАнглийска литература
_b821.111
_x-93-31
_z821.111-93-31
100 1 _aРид, Томас Майн
_d1818-1883
_eпърви автор
_9365222
139 _aРид, Томас Майн
_bР 59
245 1 0 _aПръстът на съдбата
_bРоман за юноши
_cТомас Майн Рид; прев. от нем. Георги Чакъров.
257 _aBGR
260 _aСофия
_bМарина
_c1993
_n954-8350-02-5
300 _a240 с.
_c20 см
380 _aDX
500 _aПрев. от нем. изд.- Ориг. загл. на англ. ез.- 1. изд. 1947 на изд. Слънце.- Офс. изд.- 6 000 тир.
700 1 _aЧакъров, Георги
_eпрев. от нем.
_9382928
852 _aЦб 171789
_bЦб
856 4 _qpdf
_i0.00
_ldisable
856 4 _qpdf
_i0.00
_ldisable
942 _cKNG
_n0
_s1
944 _aCR
_c03.09.2015
_kПравда_Бадева
944 _aED
_c03.09.2015
_kПравда_Бадева
999 _d172590